Anatomy and physiology (Record no. 8760)

000 -LEADER
fixed length control field 00225nam a22001097a 4500
040 ## - CATALOGING SOURCE
Transcribing agency HS
082 ## - DEWEY DECIMAL CLASSIFICATION NUMBER
Classification number 636
100 ## - MAIN ENTRY--AUTHOR NAME
Personal name R.D. FRANDSON
245 ## - TITLE STATEMENT
Title Anatomy and physiology
260 ## - PUBLICATION, DISTRIBUTION, ETC. (IMPRINT)
Place of publication Colorado
Name of publisher R.D.FRANDSON
Year of publication 1974
942 ## - ADDED ENTRY ELEMENTS (KOHA)
Koha item type សៀវភៅភាសាអង់គ្លេស
952 ## - LOCATION AND ITEM INFORMATION (KOHA)
Withdrawn status [LOCAL, KOHA] 0
Holdings
Permanent Location Date acquired Koha item type Lost status Shelving location Barcode Current Location Full call number
Library Block C2016-08-12សៀវភៅភាសាអង់គ្លេស C244RUA045367Library Block C636 RDF 1974 C244
មជ្ឈមណ្ឌលឯការនៃសាកលវិទ្យាល័យភូមិន្ទកសិកម្មចំការដូង

Powered by Koha